000 02145cam a2200289 a 4500
999 _c1512
_d1512
001 005510299
003 OSt
005 20230109151857.0
008 180802s2017 enk e 000 f eng
020 _a1785031058
_q(pbk.) :
020 _a9781785031052
_q(pbk.) :
040 _aNCNU
_beng
_cNCNU
_dNCNU
_dKH8
_eAACR2
041 0 _aeng
042 _anbic
082 _aFIC ARD
100 1 _aArden, Katherine.
_eauthor
245 1 4 _aThe bear and the nightingale /
_cKatherine Arden.
260 _aLondon :
_bDel Rey,
_c2017.
300 _a456 p. ;
_c20 cm.
440 _aThe Winternight Trilogy;
_nbook 1.
520 _aAt the edge of the Russian wilderness, winter lasts most of the year and the snowdrifts grow taller than houses. But Vasilisa doesn't mind--she spends the winter nights huddled around the embers of a fire with her beloved siblings, listening to her nurse's fairy tales. Above all, she loves the chilling story of Frost, the blue-eyed winter demon, who appears in the frigid night to claim unwary souls. Wise Russians fear him, her nurse says, and honor the spirits of house and yard and forest that protect their homes from evil. After Vasilisa's mother dies, her father goes to Moscow and brings home a new wife. Fiercely devout, city-bred, Vasilisa's new stepmother forbids her family from honoring the household spirits. The family acquiesces, but Vasilisa is frightened, sensing that more hinges upon their rituals than anyone knows. And indeed, crops begin to fail, evil creatures of the forest creep nearer, and misfortune stalks the village. All the while, Vasilisa's stepmother grows ever harsher in her determination to groom her rebellious stepdaughter for either marriage or confinement in a convent. As danger circles, Vasilisa must defy even the people she loves and call on dangerous gifts she has long concealed--this, in order to protect her family from a threat that seems to have stepped from her nurse's most frightening tales.
650 0 _aFolklore
_zRussia
_vFiction.
650 0 _aMagic
_vFiction.
650 0 _aSpirits
_vFiction.
651 0 _aRussia
_xHistory
_vFiction.
942 _2ddc
_cFIC